000 00598nam a2200205 i 4500
001 29832
003 ES-MaACL
005 20231224062914.0
007 t|
008 030123s1953 sp ||||1| spa d
100 1 _aBaroja, Pío,
_d1872-1956
_925752
245 1 0 _aIntermedio sentimental /
_cPío Baroja.
260 _aMadrid :
_bAfrodisio Aguado,
_c[1953]
300 _a172 p. ;
_c13 cm.
490 1 _aMás allá ;
_v102
505 8 _aContiene: Siluetas femeninas. Frases y anécdotas
830 0 _aMás allá ;
_v102
_9181282
852 _aES-MaACL
_jC-8088
_bR.34354
999 _c29832
_d29832